000 00304nam a22001337a 4500
008 171005b xxu||||| |||| 00| 0 eng d
020 _a9780375401442
041 _aeng
080 _a159.9
100 _a49
101 _aPSI
245 _aEXUHERANCE THE PASSION FOR LIFE
_cJAMISON,K.R
942 _2udc
_cBK
999 _c32099
_d32099